<?xml version="1.0" encoding="UTF-8"?>
<record
    xmlns:xsi="http://www.w3.org/2001/XMLSchema-instance"
    xsi:schemaLocation="http://www.loc.gov/MARC21/slim http://www.loc.gov/standards/marcxml/schema/MARC21slim.xsd"
    xmlns="http://www.loc.gov/MARC21/slim">

  <leader>01764nam a22002417a 4500</leader>
  <controlfield tag="003">OSt</controlfield>
  <controlfield tag="005">20210708151837.0</controlfield>
  <controlfield tag="008">200312b        xxu||||| |||| 00| 0 eng d</controlfield>
  <datafield tag="020" ind1=" " ind2=" ">
    <subfield code="a">9780071316972</subfield>
  </datafield>
  <datafield tag="040" ind1=" " ind2=" ">
    <subfield code="c">LC</subfield>
  </datafield>
  <datafield tag="050" ind1=" " ind2=" ">
    <subfield code="a">HG3881.E65</subfield>
  </datafield>
  <datafield tag="100" ind1=" " ind2=" ">
    <subfield code="a">Eun, Cheol S.</subfield>
  </datafield>
  <datafield tag="245" ind1=" " ind2=" ">
    <subfield code="a">International finance. /</subfield>
    <subfield code="c">Cheol S. Eun, Bruce G. Resnick, Sanjiv Sabherwal.</subfield>
  </datafield>
  <datafield tag="250" ind1=" " ind2=" ">
    <subfield code="a">6th ed.</subfield>
  </datafield>
  <datafield tag="260" ind1=" " ind2=" ">
    <subfield code="a">New York :</subfield>
    <subfield code="b">McGraw Hill Education, </subfield>
    <subfield code="c">2012.</subfield>
  </datafield>
  <datafield tag="300" ind1=" " ind2=" ">
    <subfield code="a">575 p.:</subfield>
    <subfield code="b">ill. ;</subfield>
  </datafield>
  <datafield tag="500" ind1=" " ind2=" ">
    <subfield code="a">Includes index.</subfield>
  </datafield>
  <datafield tag="505" ind1=" " ind2=" ">
    <subfield code="a">Contents: Part one: Foundations of international finance: Introduction to international finance -- International monetary system -- Balance of payments -- Part two: The foreign exchange market, exchange rate determination, and currency derivatives: The foreign exchange market -- International parity conditions and exchange rate determination -- Foreign currency futures and options -- Part three: International capital markets and institutions: International banking and money market -- International bond market -- International equity markets -- International  portfolio investment -- Part four: Foreign exchange exposure and management: Management of economic exposure -- Management of transaction exposure -- Management of translation exposure -- Part five: Financial management of the multinational firm: Foreign direct investment  -- International capital structure and the cost of capital -- International capital budgeting -- Multinational cash management -- Exports and imports --   International tax environment -- Corporate governance around the world -- </subfield>
  </datafield>
  <datafield tag="654" ind1=" " ind2=" ">
    <subfield code="2">	International finance. </subfield>
    <subfield code="b"> International business enterprises -- Finance.</subfield>
  </datafield>
  <datafield tag="700" ind1=" " ind2=" ">
    <subfield code="a">Resnick, Bruce G.</subfield>
  </datafield>
  <datafield tag="700" ind1=" " ind2=" ">
    <subfield code="q">Sabherwal, Sanjiv</subfield>
  </datafield>
  <datafield tag="942" ind1=" " ind2=" ">
    <subfield code="2">lcc</subfield>
    <subfield code="c">BK</subfield>
  </datafield>
  <datafield tag="999" ind1=" " ind2=" ">
    <subfield code="c">7717</subfield>
    <subfield code="d">15217</subfield>
  </datafield>
  <datafield tag="952" ind1=" " ind2=" ">
    <subfield code="0">0</subfield>
    <subfield code="1">0</subfield>
    <subfield code="2">lcc</subfield>
    <subfield code="4">0</subfield>
    <subfield code="7">0</subfield>
    <subfield code="a">WIUC-KL</subfield>
    <subfield code="b">WIUC-KL</subfield>
    <subfield code="c">GEN</subfield>
    <subfield code="d">2019-10-30</subfield>
    <subfield code="o">HG3881.E65(6e)</subfield>
    <subfield code="p">K/926/926/19</subfield>
    <subfield code="r">2021-07-08 00:00:00</subfield>
    <subfield code="t">1</subfield>
    <subfield code="w">2021-07-08</subfield>
    <subfield code="y">BK</subfield>
  </datafield>
  <datafield tag="952" ind1=" " ind2=" ">
    <subfield code="0">0</subfield>
    <subfield code="1">0</subfield>
    <subfield code="2">lcc</subfield>
    <subfield code="4">0</subfield>
    <subfield code="7">0</subfield>
    <subfield code="a">WIUC-KL</subfield>
    <subfield code="b">WIUC-KL</subfield>
    <subfield code="c">GEN</subfield>
    <subfield code="d">2019-10-30</subfield>
    <subfield code="l">0</subfield>
    <subfield code="o">HG3881.E651(6e)</subfield>
    <subfield code="p">K/927/927/19</subfield>
    <subfield code="r">2021-07-08 00:00:00</subfield>
    <subfield code="t">2</subfield>
    <subfield code="w">2021-07-08</subfield>
    <subfield code="y">BK</subfield>
  </datafield>
  <datafield tag="952" ind1=" " ind2=" ">
    <subfield code="0">0</subfield>
    <subfield code="1">0</subfield>
    <subfield code="2">lcc</subfield>
    <subfield code="4">0</subfield>
    <subfield code="7">0</subfield>
    <subfield code="a">WIUC-KL</subfield>
    <subfield code="b">WIUC-KL</subfield>
    <subfield code="c">GEN</subfield>
    <subfield code="d">2019-10-30</subfield>
    <subfield code="o">HG3881.E652(6e)</subfield>
    <subfield code="p">K/928/928/19</subfield>
    <subfield code="r">2021-07-08 00:00:00</subfield>
    <subfield code="t">3</subfield>
    <subfield code="w">2021-07-08</subfield>
    <subfield code="y">BK</subfield>
  </datafield>
</record>
